Hudobná výchova s metodikou pre 3.-4. ročník pedagogických škôl

Bibliographic Details
Main Authors: Kantor, Štefan, 1898-1991 (Author), Fedor, Viliam, 1913-1979 (Author), Riganová, O. (Author), Biľová, Antónia (Author), Opálená, J. (Author)
Format: Book
Language:Slovak
PhysicalDescription:314 strán fotografie, ilustrácie, noty 20 cm
Published: Bratislava Slovenské pedagogické nakladateľstvo 1980
Edition:3. preprac. vyd.
Subjects:

MARC

LEADER 00000cam a2200000 a 4500
001 vtls001109194
003 SK-MaSNL
005 20260415093014.0
008 240226s1980 xo ogaldrfp 000 0 slo
015 |a SNBA1980 
020 |q (viazané) 
035 |a SNK000052036 
035 |a 738AC17F-F7FC-48F8-9288-77BF2A764B86 
035 |a urn:nbn:sk:snk-am00ij5u 
040 |a SNK  |b slo  |c SNK  |e AACR2 
041 0 |a slo 
044 |a xo  |c SK 
072 7 |a 78  |x Hudba  |2 konspekt 
072 7 |a 37.016  |x Učebné osnovy. Vyučovacie predmety. Učebnice  |2 konspekt 
080 |a 78:37.016  |2 2011 
080 |a (075.3)  |2 2011 
080 |a (072)  |2 2011 
245 0 0 |a Hudobná výchova s metodikou pre 3.-4. ročník pedagogických škôl  |c [Š. Kantor, V. Fedor, O. Riganová, A. Biľová, J. Opálená] 
250 |a 3. preprac. vyd. 
260 |a Bratislava  |b Slovenské pedagogické nakladateľstvo  |c 1980 
300 |a 314 strán  |b fotografie, ilustrácie, noty  |c 20 cm 
366 |e 3890 kusov 
500 |a Stručný slovník hudobobných výrazov na strane 301-310. Zoznam piesní na strane 312-314 
650 0 7 |a hudobná výchova  |2 SNKPH  |9 1662 
655 7 |a učebnice stredných škôl  |2 SNKPH  |9 69323 
655 7 |a metodické príručky  |2 SNKPH  |9 70250 
700 1 |a Kantor, Štefan,  |d 1898-1991  |4 aut  |9 38713 
700 1 |a Fedor, Viliam,  |d 1913-1979  |4 aut  |9 131813 
700 1 |a Riganová, O.  |4 aut  |9 618565 
700 |a Biľová, Antónia  |4 aut  |9 384332 
700 1 |a Opálená, J.  |4 aut  |9 618566 
852 |a Slovenská národná knižnica 
954 |a odborná, vedecká literatúra pôvodná (slovenská)  |2 lita 
958 |a RK 
958 |a TL 
958 |a OND 
958 |a UC 
958 |a EUIPO 
999 |c 950207  |d 952137 
952 |t P60, <04>, [BOOK], {604}  |a SNK  |b SNK  |y VYP  |7 0  |p 17A0202507  |o snkSC 49989 D1  |0 0  |1 0  |4 0  |d 1999-07-19  |l 0  |r 2004-12-31 00:00:00  |w 2026-02-24 
952 |a SNK  |b SNK  |y PREZ  |7 0  |p 17A0825056  |o snkSC 49989  |i snkKSP 5795/80  |0 0  |1 0  |4 0  |d 2012-08-01  |f 1  |l 0  |r 2025-10-31 00:00:00  |w 2026-02-24